Представление документа в формате RUSMARC

ПолеНазваниеЗначение
  Тип записи a
  Библиографический уровень a
001 Контрольный номер RU/CBS_Ul/BASE/517515405
005 Дата корректировки 20240209175201.2
100 Данные общей обработки __
a Данные общей обработки 20160525d2016 ||| 0rusy0189 ca
101 Язык документа 0_
a Язык текста rus
102 Страна публикации __
a Страна публикации RU
105 Кодированные данные (монография) __
a Кодированные данные (монография) y###||||000|y
200 Заглавие и сведения об ответственности 1_
a Заглавие Драма Бенкендорфа
b Общее обозначение материала Текст
e Сведения, относящиеся к заглавию [начальник Третьего отделения Собственной Его Императорского Величества канцелярии, граф А. Х. Бенкендорф]
f Первые сведения об ответственности О. Василевская
300 Общие примечания __
a Общие примечания Ограничения по возрасту - 12+
461 Уровень набора _0
1 2000
a Сельская новь
463 Уровень физической единицы _0
1 001RU/CBS_Ul/BASE/516888066
1 2000
a № 5
v С. 38-45 : ил
1 210
d 2016
600 Персоналии _0
a Персоналии (Фамилия) Бекендорф
b Персоналии (Имя, инициалы) А. Х.
600 Персоналии _0
a Персоналии (Фамилия) Александр I
600 Персоналии _0
a Персоналии (Фамилия) Николай I
606 Тематические рубрики 0_
a Основная рубрика Бенкендорф, Александр Христофорович (1783-1844)
610 Ключевые слова 0_
a Ключевые слова государственные деятели
a Ключевые слова военачальники
a Ключевые слова русские генералы
a Ключевые слова восстание декабристов
686 Индексы других классификаций __
a Классификационный индекс 63.3(2)47
2 Код системы ББК
700 Автор _1
a Фамилия Василевская
b Имя (инициалы) О.
801 Источник записи _0
a Страна RU
b Организация МБУК ЦБС г. Ульяновска
c Дата составления 20160525
g Правила каталогизации RCR
801 Источник записи _1
a Страна RU
b Организация МБУК ЦБС г. Ульяновска
c Дата составления 20160525
g Правила каталогизации RCR
901 Тип документа __
t Тип документа b
w Контрольный № источника RU/CBS_Ul/BASE/516888066
910 Корректоры записи __
a Корректор записи Библиотека 2
938 Служебная информация __
a Имя БД period